000 00380nam a22001697a 4500
003 OSt
005 20220223145515.0
008 220223b |||||||| |||| 00| 0 eng d
020 _a0074631211
040 _cHU
100 _aGambhir M.L
_931349
245 _aConcrete Technology
250 _a2ed
260 _aNew Delhi
_bMcGraw -Hill
300 _f470
942 _2ddc
_cBOOKS
_n0
999 _c31405
_d31405